|
|
|
|
| LEADER |
00000nab#a22000007a#4500 |
| 001 |
arbauad004602 |
| 003 |
AR-BaUAD |
| 005 |
20250711110641.0 |
| 008 |
940701|||||||||###||||||b###|0###a|spa|| |
| 040 |
|
|
|a AR-BaUAD
|c AR-BaUAD
|b spa
|
| 245 |
1 |
0 |
|a Banco Cooperativo de La Plata
|
| 300 |
0 |
|
|b fot., plantas
|
| 653 |
|
|
|a ARQUITECTURA BANCARIA
|
| 653 |
|
|
|a BANCOS
|
| 653 |
|
|
|a BANCO COOPERATIVO DE LA PLATA
|
| 653 |
|
|
|a LA PLATA
|
| 653 |
|
|
|a BUENOS AIRES, PROVINCIA
|
| 653 |
|
|
|a GONNET
|
| 653 |
|
|
|a OLMOS
|
| 653 |
|
|
|a GOMEZ DESTRADE, CARLOS AUGUSTO
|
| 653 |
|
|
|a SORARRAIN, MANUEL
|
| 653 |
|
|
|a SORARRAIN, UBALDO
|
| 773 |
0 |
|
|t SUMMA
|g no. 173 [abr. 1982], p. 48-51
|
| 942 |
|
|
|c ARTI
|
| 952 |
|
|
|0 0
|1 0
|4 0
|7 0
|9 49522
|a AR-BAuAD
|b AR-BAuAD
|d 2025-07-11
|l 0
|p AAQA004602
|r 2025-07-11 11:06:41
|w 2025-07-11
|y ARTI
|
| 990 |
|
|
|a AQ198
|b TD
|
| 998 |
|
|
|a AAQ
|b BIBUN76
|
| 999 |
|
|
|c 29195
|d 29195
|